Pipe corrosion and coatings /

Bibliographic Details
Main Author: Larson, Erick
Other Authors: Rhodes, George Irving, 1883-
Format: Book
Language:English
Published: New York : American gas journal, inc., 1938.
Edition:1st ed.
Subjects:

MARC

Tag First Indicator Second Indicator Subfields
LEADER 00000cam a2200000 4500
001 in00000037206
005 20151007072244.0
008 770809s1938 nyua 00110 eng
010 |a  39009496  
035 |a (OCoLC)03174418 
035 |9 AAE7537AM 
040 |a DLC  |c IGA  |d TXA  |d UtOrBLW 
049 |a TXAM  |c 1 [81805] 
050 0 0 |a TA467  |b .L3 
092 |a 620.1122  |b L334p 
100 1 |a Larson, Erick. 
245 1 0 |a Pipe corrosion and coatings /  |c by Erick Larson. With chapter on "Cathodic protection" by Geo. I. Rhodes. 
250 |a 1st ed. 
264 1 |a New York :  |b American gas journal, inc.,  |c 1938. 
300 |a xi, 455 pages :  |b illustrations, diagrams ;  |c 22 1/2 cm. 
336 |a text  |b txt  |2 rdacontent 
337 |a unmediated  |b n  |2 rdamedia 
338 |a volume  |b nc  |2 rdacarrier 
650 0 |a Corrosion and anti-corrosives. 
650 0 |a Pipe. 
700 1 |a Rhodes, George Irving,  |d 1883- 
999 |a MARS 
999 f f |s 6a8edd79-71a9-37e9-8843-340712543b7a  |i edcced08-cb3c-3616-b21e-c9e317cacdc8  |t 0 
952 f f |p ric  |a Texas A&M University  |b Rellis Campus  |c Joint Library Facility  |d Remote Storage  |t 0  |e TA467 .L3  |h Library of Congress classification  |i unmediated -- volume  |m A14801032188 
998 f f |a TA467 .L3  |t 0  |l Remote Storage